LEADER 00882nam0-22003131i-450- 001 990001087030403321 035 $a000108703 035 $aFED01000108703 035 $a(Aleph)000108703FED01 035 $a000108703 100 $a20000920d1940----km-y0itay50------ba 101 0 $ager 200 1 $a<>Ausbreitung der Elektromagnetischen Wellen$fvon Bruno Beckmann 210 $aLeipzig$cBecker & Erler Kom.-Ges.$d1940 225 1 $aBucherei der Hochfrequenztechnik$v1 610 0 $aElettricità 610 0 $aMagnetismo 610 0 $aCampi elettromagnetici 676 $a537 676 $a538 700 1$aBeckmann,$bBruno$051715 801 0$aIT$bUNINA$gRICA$2UNIMARC 901 $aBK 912 $a990001087030403321 952 $a29-136$b15886$fFI1 959 $aFI1 996 $aAusbreitung der Elektromagnetischen Wellen$9335544 997 $aUNINA DB $aING01 LEADER 00908nam0-22002771i-450 001 990006740840403321 005 20180213120728.0 035 $a000674084 035 $aFED01000674084 035 $a(Aleph)000674084FED01 035 $a000674084 100 $a20001010d1963----km-y0itay50------ba 101 0 $aita 105 $ay-------001yy 200 1 $a<>evoluzione dell'Europa nella critica storica. Dal Congresso di Vienna alla fine della seconda guerra mondiale$fCarmelo Bonanno 210 $aPadova$cLiviana$d1963 215 $aX, 330 p.$d22 cm 700 1$aBonanno,$bCarmelo$0250454 801 0$aIT$bUNINA$gRICA$2UNIMARC 901 $aBK 912 $a990006740840403321 952 $aXIII B 577$b11849$fFSPBC 959 $aFSPBC 996 $aEvoluzione dell'Europa nella critica storica. Dal Congresso di Vienna alla fine della seconda guerra mondiale$9632612 997 $aUNINA DB $aGEN01 LEADER 02102nam 2200493 450 001 9910796886603321 005 20240122160329.0 010 $a84-9116-710-2 010 $a84-9116-709-9 035 $a(CKB)4100000004816875 035 $a(MiAaPQ)EBC4946059 035 $a(Au-PeEL)EBL4946059 035 $a(OCoLC)1037813920 035 $a(MiAaPQ)EBC7051527 035 $a(Au-PeEL)EBL7051527 035 $a(NjHacI)994100000004816875 035 $a(EXLCZ)994100000004816875 100 $a20230919d2017 uy 0 101 0 $aspa 135 $aurcnu|||||||| 181 $ctxt$2rdacontent 182 $cc$2rdamedia 183 $acr$2rdacarrier 200 10$aEstudios de usuarios de informacio?n $eDisen?o metodolo?gico e informe final /$fIsabel Villasen?or-Rodri?guez 210 1$aBarcelona, Spain :$cEditorial UOC,$d[2017] 210 4$d©2017 215 $a1 online resource (100 pages) 225 1 $aEpi. 311 $a84-9116-708-0 330 $aLos estudios de usuarios de información se han convertido, con el tiempo, en una herramienta indispensable para obtener datos aplicables a la mejora de las unidades de información. Sin embargo, la mayoría de los estudios conocidos carecen de un método riguroso en su ejecución. Precisamente, para que resulten provechosos, lo más importante es que se realicen con una metodología adecuada. Este libro pretende ser una guía práctica para llevar a cabo un estudio de usuarios de información. Tras aclarar algunos asuntos de orden terminológico y conceptual, ofrece recomendaciones y ejemplos sobre cómo planificar y ejecutar este tipo de investigaciones con garantía de éxito. 410 0$aSe?rie EPI. 606 $aLibrary use studies 606 $aLibrary users 615 0$aLibrary use studies. 615 0$aLibrary users. 676 $a302 700 $aVillasen?or Rodri?guez$b Isabel$01581065 801 0$bMiAaPQ 801 1$bMiAaPQ 801 2$bMiAaPQ 906 $aBOOK 912 $a9910796886603321 996 $aEstudios de usuarios de informacio?n$93862372 997 $aUNINA